000 00682nam a2200205Ii 4500
003 JO-AjNU
008 230605s9999||||xx |||||||||||||| ||und||
040 _aJO-AjNU
_bara
_erda
_cJO-AjNU
041 _aara
050 1 4 _aQA37.2.A36 1983
100 3 _aعوض،عدنان,
_eauthor
_957687
245 0 0 _aالرياضيات العامة
250 _aط2
264 3 1 _aعمان:دار الفرقان للنشر والتوزيع،1983
300 _a308ص
_bيحتوي على جداول ورسوم بيانية
336 _atext
_btxt
_2rdacontent
337 _aunmediated
_bn
_2rdamedia
338 _avolume
_bnc
_2rdacarrier
650 4 _aالتعلم-الرياضيات
_957688
999 _aA25866
_c29434
_d29434